Rémanences

Uloženo v:
Podrobná bibliografie
Hlavní autor: Lefrançois, Alexis (Autor)
Médium: Kniha
Jazyk:francouzština
Vydáno: Quebec Du Noroît 1977
Témata:
Tagy: Přidat tag
Žádné tagy, Buďte první, kdo vytvoří štítek k tomuto záznamu!

MARC

LEADER 00000nam a2200000 a 4500
001 UCQ4799
003 CL-VaPUC
008 980910e19770000CN |||||||||||||||||fre|d
082 0 4 |a C811  |b LEF  |2 21 
100 0 |a Lefrançois, Alexis  |e author  |9 418987 
245 1 0 |a Rémanences 
300 |a 85 p 
942 |c BK 
945 |d 19980910 00:00:00  |a crobeson 
260 |a Quebec  |b Du Noroît  |c 1977 
650 0 |a Poesías canadienses   |9 314771 
650 0 |a Literatura canadiense  |9 342826 
583 |a last modification  |c 19980910 00:00:00  |k Rodrigo Vera 
999 |c 275101  |d 275099 
952 |0 0  |1 0  |4 0  |6 C_811_000000000000000_LEF_1977  |7 0  |8 A  |9 311646  |a BIBEDU  |b BIBEDU  |d 2019-11-20  |i 1465651  |o C811 LEF 1977  |p 1465651  |r 2019-11-20  |w 2019-11-20  |y BK  |k LIT